Electron microscopy 1986 : proceedings of the XIth International Congress on Electron Microscopy held in Kyoto, Japan August 31-September 7, 1986 /

Guardado en:
Autor Corporativo: International Congress for Electron Microscopy Kyoto, Japan)
Otros Autores: Imura, T., (Editor , ed.), Maruse, S., (Editor , ed.), Suzuki, T., (Editor , ed.)
Formato: Libro
Idioma:English
Publicado: Tokyo, Japan : Japanese Society of Electron Microscopy, 1986.
Etiquetas: Agregar Etiqueta
Sin Etiquetas, Sea el primero en etiquetar este registro!
LEADER 01315nam a22002415a 4500
001 EIQ.libpla003997
008 080424s1986####ja#a##########101#0#eng#d
005 20080519153057.0
245 1 0 |a Electron microscopy 1986 :  |b proceedings of the XIth International Congress on Electron Microscopy held in Kyoto, Japan August 31-September 7, 1986 /  |c edited by Imura, S. Maruse and T. Suzuki. 
260 |a Tokyo, Japan :  |b Japanese Society of Electron Microscopy,  |c 1986. 
300 |a 4v. :  |b il. ;  |c 26 cm. 
500 |a Incluye índice de autores. 
500 |a "The proceedings are published in four volumes as a supplement to the Journal of Electron microscopy, Vol. 35, 1986". 
505 0 |a vol. 1. Non-biology (I) -- vol. 2. Hvem & non-biology (II) -- vol. 3. Biology (I) -- vol. 4. Biology (II). 
111 2 |a International Congress for Electron Microscopy  |n (11th :  |d 1986 :  |c Kyoto, Japan) 
700 1 |a Imura, T.,  |e ed.  |4 edt 
700 1 |a Maruse, S.,  |e ed.  |4 edt 
700 1 |a Suzuki, T.,  |e ed.  |4 edt 
040 |a AR-BbSID  |b spa  |c AR-BbSID 
859 |a AR-BbSID  |b BIB. PLAPIQUI  |h 545.84  |i In 8  |p 3252  |v Vol. 1  |3 Vol. 1 
859 |a AR-BbSID  |b BIB. PLAPIQUI  |h 545.84  |i In 8  |p 3253  |v Vol. 2  |3 Vol. 2 
859 |a AR-BbSID  |b BIB. PLAPIQUI  |h 545.84  |i In 8  |p 3254  |v Vol. 3  |3 Vol. 3 
859 |a AR-BbSID  |b BIB. PLAPIQUI  |h 545.84  |i In 8  |p 3255  |v Vol. 4  |3 Vol. 4